Emoji’Rap français - Statistiques

Statistiques générales
  • Ce quiz a été pris 576 fois
  • Le résultat moyen est 9 sur 16
Statistiques - réponses
Hint Réponse % Correct
👽🩴 Jul
100%
🇧🇪🖖 Damso
95%
🏴☠️ Booba
92%
🗼👥 PNL
92%
🎧🇵🇱 PLK
86%
9️⃣1️⃣ Niska
76%
⛓️🚓 Koba la D
75%
🏎️🧥 SCH
69%
🎤🔥 Ninho
62%
🥤💰 Zola
44%
💸💊 Gazo
28%
🎹💣 Tiakola
23%
💎👦 Hamza
22%
🌌💻 Laylow
12%
🤡💨 Jok’Air
11%
🧢➿ Gambi
9%
Aucun quiz correspondant
Distribution des résultats
% des personnes avec chaque résultat
Percentile par nombre de réponses
Votre historique - résultats
Vous n’avez pas pris ce quiz